000 00385nam a2200133Ia 4500
005 20260328104326.0
008 260328s9999||||xx |||||||||||||| ||und||
100 _aSánchez, Emilio Joaquín
245 0 _aRiesgos del Patrimonio Cultural II /
_cEmilio Joaquín Sánchez
260 _bFacultad de arquitectura y Diseño Javeriana
300 _a146 p.
650 _aDIBUJO
942 _cBK
999 _c11514
_d11514